Current World Leaders - Statistics

General Stats
  • This quiz has been taken 415 times
    13 since last reset
  • The average score is 58 of 397
Answer Stats
Country Head of State % Correct
Vietnam Prime Minister - Lê Minh Hưng
91%
United States President - Donald Trump
82%
China General Secretary of the Communist Party and President - Xi Jinping
73%
North Korea General Secretary of the Workers' Party and President of the State Affairs Commission - Kim Jong Un
73%
China Premier - Li Qiang
73%
Russia President - Vladimir Putin
73%
Israel Prime Minister - Benjamin Netanyahu
73%
Saint Lucia Acting Governor-General - Sir Errol Charles
64%
Andorra French Co-Prince - Emmanuel Macron
64%
Antigua and Barbuda | Australia | Belize | +14 others King - Charles III
64%
Vatican City Pope - Leo XIV
64%
France President - Emmanuel Macron
64%
Italy Prime Minister - Georgia Meloni
64%
Hungary Prime Minister - Viktor Orbán
64%
Belarus President - Alexander Lukashenko
55%
Argentina President - Javier Milei
55%
Brazil President - Luiz Inácio Lula da Silva
55%
Turkey President - Recep Tayyip Erdoğan
55%
Ukraine President - Volodymyr Zelenskyy
55%
Canada Prime Minister - Mark Carney
55%
United Kingdom Prime Minister - Sir Keir Starmer
55%
Germany Chancellor - Friedrich Merz
45%
Vietnam General Secretary of the Communist Party and President - Tô Lâm
45%
Burkina Faso Interim President and President of the Patriotic Movement for Safeguard and Restoriation - Ibrahim Traoré
45%
Thailand King - Maha Vajiralongkorn
45%
European Union President of the European Commission - Ursala von der Leyen
45%
Albania Prime Minister - Edi Rama
45%
India Prime Minister - Narendra Modi
45%
Spain Prime Minister - Pedro Sánchez
45%
Egypt President - Abdel Fattah el-Sisi
36%
Guyana President - Irfaan Ali
36%
Chile President - José Antonio Kast
36%
El Salvador President - Nayib Bukele
36%
Australia Prime Minister - Anthony Albanese
36%
Poland Prime Minister - Donald Tusk
36%
Iran Supreme Leader - Mojtaba Khamenei
36%
Jordan King - Abdullah II
27%
Spain King - Felipe VI
27%
Mexico President - Claudia Sheinbaum
27%
South Africa President - Cyril Ramaphosa
27%
Azerbaijan President - Ilham Aliyev
27%
Hamas government in Gaza (Alternative Government of Palestine) | Palestine President - Mahmoud Abbas
27%
European Union President of the European Council - António Costa
27%
Italy President - Sergio Mattarella
27%
Belgium Prime Minister - Bart De Wever
27%
Saudi Arabia Prime Minister - Mohammed bin Salman
27%
Japan Prime Minister - Sanae Takaichi
27%
Monaco Sovereign Prince - Albert II
27%
Venezuela Acting President - Delcy Rodríguez
18%
Austria Chancellor - Christian Stocker
18%
Nicaragua Co-President - Daniel Ortega
18%
Cuba First Secretary of the Communist Party and President - Miguel Díaz-Canel
18%
Denmark King - Frederik X
18%
Bhutan King - Jigme Khesar Namgyel Wangchuck
18%
Morocco King - Mohammed VI
18%
Saudi Arabia King - Salman
18%
Serbia President - Aleksandar Vučić
18%
Finland President - Alexander Stubb
18%
Gabon President - Brice Oligui Nguema
18%
Ecuador President - Daniel Noboa
18%
Tajikistan President - Emomali Rahmon
18%
Central African Republic President - Faustin-Archange Touadéra
18%
Germany President - Frank-Walter Steinmeier
18%
Colombia President - Gustavo Petro
18%
Israel President - Isaac Herzog
18%
East Timor President - José Ramos-Horta
18%
Poland President - Karol Nawrocki
18%
Kazakhstan President - Kassym-Jomart Tokayev
18%
Republic of China (Claimed by PRC) President - Lai Ching-te
18%
South Korea President - Lee Jae Myung
18%
Moldova President - Maia Sandu
18%
Myanmar President - Min Aung Hlaing
18%
Romania President - Nicușor Dan
18%
Cambodia President of the People's Party - Hun Sen
18%
Cameroon President - Paul Biya
18%
Rwanda President - Paul Kagame
18%
Indonesia President - Prabowo Subianto
18%
Bolivia President - Rodrigo Paz
18%
Paraguay President - Santiago Peña
18%
Equatorial Guinea President - Teodoro Obiang Nguema Mbasogo
18%
Uruguay President - Yamandú Orsi
18%
Czech Republic Prime Minister - Andrej Babiš
18%
Liechtenstein Prime Minister - Brigitte Haas
18%
Cambodia Prime Minister - Hun Manet
18%
Norway Prime Minister - Jonas Gahr Støre
18%
Estonia Prime Minister - Kristen Michal
18%
Portugal Prime Minister - Luís Montenegro
18%
Cook Islands (In Free Association with New Zealand) Prime Minister - Mark Brown
18%
Denmark Prime Minister - Mette Frederiksen
18%
Slovakia Prime Minister - Robert Fico
18%
France Prime Minister - Sébastien Lecornu
18%
Brunei Sultan and Prime Minister - Hassanal Bolkiah
18%
Haiti Acting Prime Minister - Alix Didier Fils-Aimé
9%
Turkmenistan Chairman of the People's Council - Gurbanguly Berdimuhamedow
9%
Bosnia and Herzegovina Chairman of the Presidency - Denis Bećirović
9%
Government of National Stability (Alternative Government of Libya) | Libya Chairman of the Presidential Council - Mohamed al-Menfi
9%
Yemen Chairman of the Presidential Leadership Council - Rashad al-Alimi
9%
Sudan Chairman of the Transitional Sovereignty Council - Abdel Fattah al-Burhan
9%
Bosnia and Herzegovina Chairwoman of the Council of Ministers - Borjana Krišto
9%
Switzerland Chancellor - Viktor Rossi
9%
Nicaragua Co-President - Rosario Murillo
9%
Qatar Emir - Sheikh Tamim bin Hamad Al Thani
9%
Japan Emperor - Naruhito
9%
Laos General Secretary of the People's Revolutionary Party and President - Thongloun Sisoulith
9%
Grenada Governor-General - Dame Cécile La Grenade
9%
New Zealand Governor-General - Dame Cindy Kiro
9%
Belize Governor-General - Dame Froyla Tzalam
9%
Saint Kitts and Nevis Governor-General - Dame Marcella Liburd
9%
Canada Governor General - Mary Simon
9%
Australia Governor-General - Sam Mostyn
9%
Papua New Guinea Governor-General - Sir Bob Dadae
9%
Solomon Islands Governor-General - Sir David Tiva Kapu
9%
Jamaica Governor-General - Sir Patrick Allen
9%
Antigua and Barbuda Governor-General - Sir Rodney Williams
9%
Saint Vincent and the Grenadines Governor-General - Sir Stanley John
9%
Luxembourg Grand Duke - Guillaume V
9%
Bosnia and Herzegovina High Representative - Christian Schmidt
9%
Mali Interim President - Assimi Goïta
9%
Guinea Interim President - Mamady Doumbouya
9%
Sweden King - Carl XVI Gustaf
9%
Norway King - Harald V
9%
Lesotho King - Letsie III
9%
Cambodia King - Nordom Sihamoni
9%
Belgium King - Philippe
9%
Bahrain King - Sheikh Hamad bin Isa Al Khalifa
9%
Niue (In Free Association with New Zealand) King's Representative - Dame Cindy Kiro
9%
Tonga King - Tupou VI
9%
Netherlands King - Willem-Alexander
9%
Switzerland Member of the Federal Council - Albert Rösti
9%
Switzerland Member of the Federal Council - Karin Keller-Sutter
9%
Bosnia and Herzegovina Member of the Presidency - Željko Komšić
9%
Eswatini Ngwenyama - Mswati III
9%
Republic of China (Claimed by PRC) Premier - Cho Jung-tai
9%
North Korea Premier - Pak Thae-song
9%
Algeria President - Abdelmadjid Tebboune
9%
Somaliland (Claimed by Somalia) President - Abdirahman Mohamed Abdullahi
9%
The Gambia President - Adama Barrow
9%
Syria President - Ahmed al-Sharaa
9%
Estonia President - Alar Karis
9%
Ivory Coast President - Alassane Ouattara
9%
Austria President - Alexander Van der Bellen
9%
Sahrawi Republic (Claimed by Morocco) President and General Secretary of the Polisario Front - Brahim Ghali
9%
Comoros President - Azali Assoumani
9%
Albania President - Bajram Begaj
9%
Senegal President - Bassirou Diomaye Faye
9%
Guatemala President - Bernardo Arévalo
9%
Nigeria President - Bola Tinubu
9%
Philippines President - Bongbong Marcos
9%
São Tomé and Príncipe President - Carlos Vila Nova
9%
Ireland President - Catherine Connolly
9%
Trinidad and Tobago President - Christine Kangaloo
9%
Mozambique President - Daniel Chapo
9%
Republic of the Congo President - Denis Sassou Nguesso
9%
Mauritius President - Dharam Gokhool
9%
India President - Droupadi Murmu
9%
Botswana President - Duma Boko
9%
Zimbabwe President - Emmerson Mnangagwa
9%
Democratic Republic of the Congo President - Félix Tshisekedi
9%
Lithuania President - Gitanas Nausėda
9%
North Macedonia President - Gordana Siljanovska-Davkova
9%
Zambia President - Hakainde Hichilema
9%
Iceland President - Halla Tómasdóttir
9%
Somalia President - Hassan Sheikh Mohamud
9%
Marshall Islands President - Hilda Heine
9%
Bulgaria President - Iliana Iotova
9%
Eritrea President - Isaias Afwerki
9%
Djibouti President - Ismaïl Omar Guelleh
9%
Montenegro President - Jakov Milatović
9%
Togo President - Jean-Lucien Savi de Tové
9%
Barbados President - Jeffrey Bostic
9%
Suriname President - Jennifer Geerlings-Simons
9%
Angola President - João Lourenço
9%
Ghana President - John Mahama
9%
Cape Verde President - José Maria Neves
9%
Liberia President - Joseph Boakai
9%
Sierra Leone President - Julius Maada Bio
9%
Tunisia President - Kaïs Saïed
9%
Greece President - Konstantinos Tasoulas
9%
Dominican Republic President - Luis Abinader
9%
Chad President - Mahamat Déby
9%
Georgia President - Mikheil Kavelashvili
9%
Maldives President - Mohamed Muizzu
9%
Mauritania President - Mohamed Ould Ghazouani
9%
Honduras President - Nasry Asfura
9%
Slovenia President - Nataša Pirc Musar
9%
Cyprus President - Nikos Christodoulides
9%
Switzerland President of the Federal Council - Guy Parmelin
9%
Benin President - Patrice Talon
9%
Seychelles President - Patrick Herminie
9%
Malawi President - Peter Mutharika
9%
Slovakia President - Peter Pellegrini
9%
Czech Republic President - Petr Pavel
9%
Fiji President - Ratu Naiqama Lalabalavu
9%
Costa Rica President - Rodrigo Chaves Robles
9%
South Sudan President - Salva Kiir Mayardit
9%
Tanzania President - Samia Suluhu Hassan
9%
Turkmenistan President - Serdar Berdimuhamedow
9%
Uzbekistan President - Shavkat Mirziyoyev
9%
United Arab Emirates President - Sheikh Mohamed bin Zayed Al Nahyan
9%
Palau President - Surangel Whipps Jr.
9%
Dominica President - Sylvanie Burton
9%
Hungary President - Tamás Sulyok
9%
Kiribati President - Taneti Maamau
9%
Ethiopia President - Taye Atske Selassie
9%
Singapore President - Tharman Shanmugaratnam
9%
Armenia President - Vahagn Khachaturyan
9%
Federated States of Micronesia President - Wesley Simina
9%
Kenya President - William Ruto
9%
Uganda President - Yoweri Museveni
9%
Croatia President - Zoran Milanović
9%
Ethiopia Prime Minister - Abiy Ahmed
9%
Kosovo (Claimed by Serbia) Prime Minister - Albin Kurti
9%
Belarus Prime Minister - Aleksandr Turchin
9%
Azerbaijan Prime Minister - Ali Asadov
9%
Croatia Prime Minister - Andrej Plenković
9%
Jamaica Prime Minister - Andrew Holness
9%
Malaysia Prime Minister - Anwar Ibrahim
9%
Nepal Prime Minister - Balendra Shah
9%
New Zealand Prime Minister - Christopher Luxon
9%
Grenada Prime Minister - Dickon Mitchell
9%
Serbia Prime Minister - Đuro Macut
9%
Latvia Prime Minister - Evika Siliņa
9%
Togo Prime Minister - Faure Gnassingbé
9%
Antigua and Barbuda Prime Minister - Gaston Browne
9%
Guinea-Bissau Prime Minister - Ilídio Vieira Té
9%
Jordan Prime Minister - Jafar Hassan
9%
Papua New Guinea Prime Minister - James Marape
9%
Solomon Islands Prime Minister - Jeremiah Manele
9%
Belize Prime Minister - Johnny Briceño
9%
Cameroon Prime Minister - Joseph Ngute
9%
Iceland Prime Minister - Kristrún Frostadóttir
9%
Greece Prime Minister - Kyriakos Mitsotakis
9%
Samoa Prime Minister - Laʻauli Leuatea Schmidt
9%
Singapore Prime Minister - Lawrence Wong
9%
Luxembourg Prime Minister - Luc Frieden
9%
Barbados Prime Minister - Mia Mottley
9%
Russia Prime Minister - Mikhail Mishustin
9%
Montenegro Prime Minister - Milojko Spajić
9%
Palestine Prime Minister - Mohammad Mustafa
9%
Egypt Prime Minister - Mostafa Madbouly
9%
Lebanon Prime Minister - Nawaf Salam
9%
Armenia Prime Minister - Nikol Pashinyan
9%
Finland Prime Minister - Petteri Orpo
9%
The Bahamas Prime Minister - Philip Davis
9%
Saint Lucia Prime Minister - Philip J. Pierre
9%
Bahrain Prime Minister - Prince Salman bin Hamad Al Khalifa
9%
Malta Prime Minister - Robert Abela
9%
Slovenia Prime Minister - Robert Golob
9%
Netherlands Prime Minister - Rob Jetten
9%
Dominica Prime Minister - Roosevelt Skerrit
9%
Eswatini Prime Minister - Russell Dlamini
9%
Lesotho Prime Minister - Sam Matekane
9%
Pakistan Prime Minister - Shehbaz Sharif
9%
Qatar Prime Minister - Sheikh Mohammed bin Abdulrahman bin Jassim Al Thani
9%
Algeria Prime Minister - Sifi Ghrieb
9%
Laos Prime Minister - Sonexay Siphandone
9%
Saint Kitts and Nevis Prime Minister - Terrance Drew
9%
Bhutan Prime Minister - Tshering Tobgay
9%
Sweden Prime Minister - Ulf Kristersson
9%
Cape Verde Prime Minister - Ulisses Correia e Silva
9%
East Timor Prime Minister - Xanana Gusmão
9%
Andorra Prime Minister - Xavier Espot Zamora
9%
Liechtenstein Prince Regnant - Hans-Adam II
9%
Liechtenstein Regent - Hereditary Prince Alois
9%
San Marino Secretary for Foreign and Political Affairs - Luca Beccari
9%
Oman Sultan and Prime Minister - Haitham bin Tariq
9%
Ireland Taoisech - Micheál Martin
9%
Guinea-Bissau Transitional President - Horta Na Man
9%
Switzerland Vice President of the Federal Council - Ignazio Cassis
9%
Kosovo (Claimed by Serbia) Acting President - Albulena Haxhiu
0%
National Unity Government (Alternative Government of Myanmar) Acting President - Duwa Lashi La
0%
Bulgaria Acting Prime Minister - Andrey Gyurov
0%
Government of National Stability (Alternative Government of Libya) Acting Prime Minister - Osama Hammad
0%
San Marino Captain Regent - Alice Mina
0%
San Marino Captain Regent - Vladimiro Selva
0%
Supreme Political Council (Alternative Government of Yemen) Chairman - Mahdi al-Mashat
0%
Government of Peace and Unity (Sudan) Chairman of the Presidential Council - Mohamed Hamdan Dagalo
0%
Andorra Co Prince's Representative - Eduard Ibáñez
0%
Andorra Co Prince's Representative - Georges-François Leclerc
0%
Kuwait Emir - Sheikh Nawaf Al-Ahmad Al-Jaber Al-Sabah
0%
Andorra Episcopal Co-Prince - Josep-Lluís Serrano Pentinat
0%
The Bahamas Governor-General - Dame Cynthia Pratt
0%
Tuvalu Governor-General - Sir Tofiga Vaevalu Falani
0%
Sovereign Military Order of Malta Grand Chancellor - Riccardo Paterno di Montecupo
0%
Hamas government in Gaza (Alternative Government of Palestine) Head of Government - Community Support Committee
0%
Georgia Honorary Chairman of Georgian Dream - Bidzina Ivanishvili
0%
Burkina Faso Interim Prime Minister - Jean Emmanuel Ouédraogo
0%
Cook Islands (In Free Association with New Zealand) King's Representative - Sir Tom Masters
0%
Malaysia King - Sultan Ibrahim Iskandar
0%
Supreme Political Council (Alternative Government of Yemen) Leader of Ansar Allah - Abdul-Malik al-Houthi
0%
Hamas government in Gaza (Alternative Government of Palestine) Leader of Hamas in Gaza - Izz al-Din al-Haddad
0%
Switzerland Member of the Federal Council - Beat Jans
0%
Switzerland Member of the Federal Council - Élisabeth Baume-Schneider
0%
Switzerland Member of the Federal Council - Martin Pfister
0%
Bosnia and Herzegovina Member of the Presidency - Željka Cvijanović
0%
Monaco Minister of State - Christophe Mirmand
0%
Eswatini Ndlovukati - Ntfombi
0%
Samoa O le Ao o Ie Malo - Afioga Tuimalealiʻifano Vaʻaletoʻa Sualauvi II
0%
South Ossetia (Claimed by Georgia) President - Alan Gagloyev
0%
Coordination Council (Alternative Government of Bearus) President and Head of the Cabinet - Sviatlana Tsikhanouskaya
0%
Portugal President - António José Seguro
0%
Sri Lanka President - Anura Kumara Dissanayake
0%
Pakistan President - Asif Ali Zardari
0%
Abkhazia (Claimed by Georgia) President - Badra Gunba
0%
Nauru President - David Adeang
0%
Latvia President - Edgars Rinkēvičs
0%
Burundi President - Évariste Ndayishimiye
0%
Peru President - José María Balcázar
0%
Lebanon President - Joseph Aoun
0%
Panama President - José Raúl Mulino
0%
Iran President - Masoud Pezeshkian
0%
Madagascar President - Michael Randrianirina
0%
Bangladesh President - Mohammed Shuhabuddin
0%
Malta President - Myriam Spiteri Debeno
0%
Namibia President - Netumbo Nandi-Ndaitwah
0%
Vanuatu President - Nikenike Vurobaravu
0%
Iraq President - Nizar Amidi
0%
Vatican City President of the Governorate - Raffaella Petrini
0%
Niger President of the National Council for the Safeguard of the Homeland - Abdourahamane Tchiani
0%
Nepal President - Ram Chandra Poudel
0%
Kyrgyzstan President - Sadyr Japarov
0%
Northern Cyprus (Claimed by Cyprus) President - Tufan Erhürman
0%
Mongolia President - Ukhnaagiin Khürelsükh
0%
Transnistria (Claimed by Moldova) President - Vadim Krasnoselsky
0%
Libya Prime Minister - Abdul Hamid Dbeibeh
0%
Uzbekistan Prime Minister - Abdulla Aripov
0%
Kuwait Prime Minister - Ahmad Al-Abdullah Al-Sabah
0%
Transnistria (Claimed by Moldova) Prime Minister - Aleksander Rozenberg
0%
Moldova Prime Minister - Alexandru Munteanu
0%
Niger Prime Minister - Ali Lamine Zeine
0%
Chad Prime Minister - Allamaye Halina
0%
São Tomé and Príncipe Prime Minister - Américo Ramos
0%
Republic of the Congo Prime Minister - Anatole Collinet Makosso
0%
Thailand Prime Minister - Anutin Charnvirakul
0%
Morocco Prime Minister - Aziz Akhannouch
0%
Guinea Prime Minister - Bah Oury
0%
Sahrawi Republic (Claimed by Morocco) Prime Minister - Bouchraya Hammoudi Bayoun
0%
Niue (In Free Association with New Zealand) Prime Minister - Dalton Tagelagi
0%
South Ossetia (Claimed by Georgia) Prime Minister - Dzambolyt Tadtayev
0%
Tonga Prime Minister - Fatafehi Fakafānua
0%
Tuvalu Prime Minister - Feleti Teo
0%
Central African Republic Prime Minister - Félix Moloua
0%
Saint Vincent and the Grenadines Prime Minister - Godwin Friday
0%
Somalia Prime Minister - Hamza Abdi Barre
0%
Afghanistan Prime Minister - Hasan Akhund
0%
North Macedonia Prime Minister - Hristijan Mickoski
0%
Romania Prime Minister - Ilie Bolojan
0%
Georgia Prime Minister - Irakli Garibashvili
0%
Vanuatu Prime Minister - Jotham Napat
0%
Democratic Republic of the Congo Prime Minister - Judith Suminwa
0%
Rwanda Prime Minister - Justin Nsengiyumva
0%
Sudan Prime Minister - Kamil Idris
0%
Trinidad and Tobago Prime Minister - Kamla Persad-Bissessar
0%
Tajikistan Prime Minister - Kokhir Rasulzoda
0%
National Unity Government (Alternative Government of Myanmar) Prime Minister - Mahn Winn Khaing Than
0%
Madagascar Prime Minister - Mamitiana Rajaonarison
0%
Cuba Prime Minister - Manuel Marrero Cruz
0%
Equatorial Guinea Prime Minister - Manuel Osa Nsue Nsua
0%
Government of Peace and Unity (Sudan) Prime Minister - Mohammed Hassan al-Ta'ishi
0%
Iraq Prime Minister - Mohammed Shia' al-Sudani
0%
Mauritania Prime Minister - Mokhtar Ould Djay
0%
Supreme Political Council (Alternative Government of Yemen) Prime Minister - Muhammad Ahmed Miftah
0%
Mauritius Prime Minister - Navin Ramgoolam
0%
Burundi Prime Minister - Nestor Ntahontuye
0%
Mongolia Prime Minister - Nyam-Osoryn Uchral
0%
Kazakhstan Prime Minister - Oljas Bektenov
0%
Senegal Prime Minister - Ousmane Sonko
0%
Ivory Coast Prime Minister - Robert Beugré Mambé
0%
Tunisia Prime Minister - Sara Zaafarani
0%
Yemen Prime Minister - Shaea al-Zindani
0%
United Arab Emirates Prime Minister - Sheikh Mohammed bin Rashid Al Maktoum
0%
Fiji Prime Minister - Sitiveni Rabuka
0%
Bangladesh Prime Minister - Tarique Rahman
0%
Northern Cyprus (Claimed by Cyprus) Prime Minister - Ünal Üstel
0%
Ukraine Prime Minister - Yulia Svyrydenko
0%
Lithuania Prime Minster - Inga Ruginienė
0%
Sovereign Military Order of Malta Prince and Grand Master - John T. Dunlap
0%
Government of National Stability (Alternative Government of Libya) Supreme Commander of the Libyan National Army - Khalifa Haftar
0%
Afghanistan Supreme Leader - Hibatullah Akhundzada
0%
No matching quizzes found
Score Distribution
Percent of People with Each Score
Percentile by Number Answered
Your Score History
You have not taken this quiz since the last reset